Catalog

Record Details

Catalog Search



How to lose a duke in ten days #2 [Large Print]/ ... Read More

Available copies

  • 1 of 1 copy available at LARL/NWRL Consortium.
  • 1 of 1 copy available at Lake Agassiz Regional Library. (Show preferred library)

Current holds

0 current holds with 1 total copy.

Show Only Available Copies
Location Call Number / Copy Notes Barcode Shelving Location Status Due Date
Moorhead Public Library LARGE PRINT GUH (Text) 33500011898301 Main Available -

Record details

  • ISBN: 9781410468222 (large print : hardback)
  • ISBN: 1410468224 (large print : hardcover)
  • Physical Description: 489 pages (large print) ; 23 cm.
  • Edition: Large Print edition.
  • Publisher: Waterville, Maine : Thorndike Press, A part of Gale, Cengage Learning, 2014.

Content descriptions

Summary, etc.:
From the moment she met the devil-may-care Duke of ... Read More
Subject: Nobility > Fiction.
Heiresses > Fiction.
London (England) > Fiction.
FICTION / Romance / Historical.
Genre: Love stories.
LDR 02169cam a2200445 i 4500
001168635
003LARL_NWRL_CONSORTIUM
00520140725122443.0
008140311s2014 meu d 000 1 eng
020 . ‡a9781410468222 (large print : hardback)
020 . ‡a1410468224 (large print : hardcover)
035 . ‡a(OCoLC)870289989
042 . ‡apcc
08200. ‡a813/.54 ‡223
084 . ‡aFIC027050 ‡2bisacsh
1001 . ‡aGuhrke, Laura Lee. ‡0(LARL_NWRL_CONSORTIUM)136569
24510. ‡aHow to lose a duke in ten days ‡n#2 ‡h[Large Print]/ ‡cLaura Lee Guhrke.
2463 . ‡aHow to lose a duke in 10 days
250 . ‡aLarge Print edition.
260 . ‡aWaterville, Maine : ‡bThorndike Press, A part of Gale, Cengage Learning, ‡c2014.
300 . ‡a489 pages (large print) ; ‡c23 cm.
336 . ‡atext ‡btxt ‡2rdacontent
337 . ‡aunmediated ‡bn ‡2rdamedia
338 . ‡avolume ‡bnc ‡2rdacarrier
4900 . ‡aAmerican heiress in London ; ‡v2
520 . ‡aFrom the moment she met the devil-may-care Duke of Margrave, Edie knew he could change her life. Their marriage of convenience transformed her from ruined American heiress to English duchess. Five years later, she's delighted with the arrangement, especially since her husband lives on another continent. For Stuart, who was able to settle his family's enormous debts, Edie's terms that he leave England forever seemed a small price to pay. But when a brush with death impels him home, Stuart proposes a bold new bargain.
650 0. ‡aNobility ‡vFiction. ‡0(LARL_NWRL_CONSORTIUM)166350
650 0. ‡aHeiresses ‡vFiction.
651 0. ‡aLondon (England) ‡vFiction. ‡0(LARL_NWRL_CONSORTIUM)165879
650 7. ‡aFICTION / Romance / Historical. ‡2bisacsh
655 7. ‡aLove stories. ‡2gsafd
901 . ‡a168635 ‡bOCLC ‡c168635 ‡tbiblio

Additional Resources